| 000 | 01396cam a22003617a 4500 | ||
|---|---|---|---|
| 003 | CHAP | ||
| 005 | 20220329142337.0 | ||
| 008 | 000824d2000 mx d r 00110 spa d | ||
| 010 | _a82087 | ||
| 011 | _a83059 | ||
| 035 | _a93567 | ||
| 040 | _cCHAP | ||
| 090 | _aTesis | ||
| 100 | 0 | 0 |
_aGuadarrama Atrizco, Victor Hugo. _950933 |
| 245 | 1 | 0 |
_aProducción y comercialización de sorgo en el norte de Tamaulipas. Estudio de caso : _bU.E. productores de Mendez, Mendez Tamps. _c/por Victor Hugo Guadarrama Atrizco y Luis Alberto Linares Frias |
| 260 |
_aChapingo, Méx. : _bEl autor, _c2000 |
||
| 300 |
_a105 h. : _bgráfs. ; cuadros |
||
| 502 | _aTesis (Lic. en Econmía Agrícola) -- UACH. División de Ciencias Económico-Administrativas | ||
| 590 |
_aALEPH _b10 _c20130110 _lUCH01 _h1437 |
||
| 590 |
_aBATCH-UPD _b10 _c20130110 _lUCH01 _h0617 |
||
| 590 |
_aBATCH-UPD _b10 _c20130410 _lUCH01 _h0259 |
||
| 590 |
_aBATCH-UPD _b10 _c20130914 _lUCH01 _h1554 |
||
| 590 |
_aCONVERSION _b10 _c20130109 _lUCH01 _h1346 |
||
| 650 | 1 | 4 |
_aSorgo _xMercadeo. _9108695 |
| 650 | 1 | 4 |
_aSorgo _xProducción. _9108709 |
| 650 | 1 | 4 |
_aSorgo _xTamaulipas. _9108726 |
| 700 | 0 |
_aLinares Frias, Luis Alberto. _966899 |
|
| 901 | _aBK | ||
| 905 | _aMarco A. Mendoza T. | ||
| 942 | _cTESIS | ||
| 949 |
_bBC _cTES _d33724000787180 _eTS1 _fc.2 _h36247 _i93567 _kDonaciØn _sb |
||
| 949 |
_bBC _cTES _d935671 _eTS1 _h36246 _i93567 _kDonaciØn _sb |
||
| 999 |
_c82087 _d82087 |
||